QUẢNG NAM ĐÀ NẴNG

Saved in:
Bibliographic Details
Main Author: Trương Văn Tâm
Format: Book
Language:Vietnamese
Published: ĐÀ NẴNG 1997
Subjects:
Tags: Add Tag
No Tags, Be the first to tag this record!
Institutions: Mạng thư viện Đại học Đà Nẵng
LEADER 01040nam a22003251a 4500
001 000041091
003 17387
005 20160418000000.0
008 160418s1997 000 vie
041 |a vie 
082 |a 915.0959751  |b TR-T 
100 |a Trương Văn Tâm 
245 |a QUẢNG NAM ĐÀ NẴNG  |c Trương Văn Tâm 
260 |a ĐÀ NẴNG  |c 1997 
300 |a 135tr. : mh ; 20cm 
650 |a QUẢNG NAM ĐÀ NẴNG 
852 |b Chuyên đề  |c Giáo trình 
OWN |a LNN 
AVA |a UDN50  |b LNN  |d 915.0959751 TR-T  |e available  |t Error 5001 Not defined in file expand_doc_bib_avail.  |f 1  |g 0  |h N  |i 0  |k 1 
999 |a From the UDN01 
AVA |a UDN50  |b LNN  |d 915.0959751 TR-T  |e available  |t Error 5001 Not defined in file expand_doc_bib_avail.  |f 1  |g 0  |h N  |i 0  |k 1 
TYP |a Monograph 
TYP |a Printed language 
980 |a Mạng thư viện Đại học Đà Nẵng